Pakistan studies (Record no. 15285)

MARC details
000 -LEADER
fixed length control field 00200nam a22000977a 4500
082 ## - DEWEY DECIMAL CLASSIFICATION NUMBER
Classification number NAJ
100 ## - MAIN ENTRY--AUTHOR NAME
Personal name Najam
245 ## - TITLE STATEMENT
Title Pakistan studies
260 ## - PUBLICATION, DISTRIBUTION, ETC. (IMPRINT)
Place of publication Lahore
Name of publisher Aziz book depott
Year of publication 2008
942 ## - ADDED ENTRY ELEMENTS (KOHA)
Koha item type Books
Holdings
Withdrawn status Lost status Home library Current library Date acquired Full call number Accession Number Koha item type
    Central Library, QUEST, Nawabshah Central Library, QUEST, Nawabshah 11/04/2016 NAJ D1640 Books